Murder in the smokehouse
| Main Author: | |
|---|---|
| Format: | Book |
| Published: |
London :
Headline Book Publishing ,
1994
|
MARC
| LEADER | 00000cam a2200000 7i4500 | ||
|---|---|---|---|
| 001 | 0000008596 | ||
| 002 | 000009371 | ||
| 005 | 20000330.0 | ||
| 020 | |a 0747208530 | ||
| 090 | 0 | 0 | |a F |b MYE |
| 100 | 1 | |a Myers, Amy | |
| 245 | 1 | 0 | |a Murder in the smokehouse |c Amy Myers |
| 260 | |a London : |b Headline Book Publishing , |c 1994 | ||
| 300 | |a 312 p. ; |c 17 cm. | ||
| 999 | |a 039228 |b BUKU |c PINJAMAN |e PERPUSTAKAAN KOMUNITI PETALING JAYA | ||
| 999 | |a 039229 |b BUKU |c PINJAMAN |e PERPUSTAKAAN KOMUNITI PETALING JAYA | ||